Calculus from graphical, numerical, and symbolic points of view
| Main Author: | Ostebee, Arnold |
|---|---|
| Other Authors: | Zorn, Paul |
| Published: |
Fort Worth:
Saunders College Publishing,
1997.
|
| Subjects: |
| LEADER | 00564cam a2200169 7i4500 | ||
|---|---|---|---|
| 001 | 0000028385 | ||
| 005 | 20111213090000.0 | ||
| 020 | |a 0030169771 (pbk.) | ||
| 020 | |a 9780030169779 | ||
| 090 | 0 | 0 | |a QA303.2 |b .O88 2002 |
| 100 | 1 | |a Ostebee, Arnold | |
| 245 | 1 | 0 | |a Calculus from graphical, numerical, and symbolic points of view |c Arnold Ostebee, Paul Zorn. |
| 260 | |a Fort Worth: |b Saunders College Publishing, |c 1997. | ||
| 300 | |a v. 2, xv, 783 p.: |b ill.; |c 25 cm. | ||
| 650 | 0 | |a Calculus | |
| 700 | 1 | |a Zorn, Paul | |
| 999 | |a 0000028243 |b BOK |c OPEN SHELF |e 2nd Floor, Bestari Jaya | ||


